000 00784nam a2200217Ii 4500
003 JO-AjNU
008 230605s9999||||xx |||||||||||||| ||und||
017 _a1985/359
040 _aJO-AjNU
_bara
_erda
_cJO-AjNU
041 _aara
050 1 4 _aPJ6190.M3688 1985
100 3 _aبدر الدين المنشي، جمال الدين؛ تحقيق محمد حسين آل ياسين,
_eauthor
_919977
245 0 0 _aرسالة الاضداد للمنشي
250 _aط1
264 3 1 _aبغداد: مكتبة الفكر العربي للنشر والتوزيع، 1985
300 _a67ص
336 _atext
_btxt
_2rdacontent
337 _aunmediated
_bn
_2rdamedia
338 _avolume
_bnc
_2rdacarrier
650 4 _aاللغة العربية-تراث اللغة العربية
_919978
999 _aA6690
_c10258
_d10258